|
|
|
|
| LEADER |
00000nab a2200000ua 4500 |
| 001 |
vtls010778671 |
| 003 |
SK-MaSNL |
| 005 |
20260304025844.0 |
| 008 |
250310s2012 xo |||||||||||||||||eng| |
| 035 |
|
|
|a (urnnbn)urn:nbn:sk:snk:ar-a029l0
|
| 035 |
|
|
|a (uuid)30875408-516d-431e-a45a-b42558adb272
|
| 035 |
|
|
|a urn:nbn:sk:snk-ab4ifx
|
| 040 |
|
|
|a SNKBUCL
|b slo
|c SNKBUCL
|e AACR2
|
| 041 |
0 |
|
|a eng
|
| 044 |
|
|
|a xo
|c SK
|
| 100 |
1 |
|
|a Balej, Jan
|4 aut
|9 1307772
|
| 245 |
1 |
0 |
|a Solubility in the System (NH4)2S208-NH3-H20 and Mean Activity Coefficients of Saturated Solutions of (NH4)2S2O8
|c Jan Balej
|
| 773 |
0 |
|
|t Acta Chimica Slovaca
|g Roč. 5, č. 1 (2012), s. 12-14
|
| 958 |
|
|
|a OND
|
| 958 |
|
|
|a article3
|
| 999 |
|
|
|c 2630121
|d 2632051
|